| 000 | 00399nam a2200169Ia 4500 | ||
|---|---|---|---|
| 005 | 20250423100156.0 | ||
| 008 | 250422s9999 xx 000 0 und d | ||
| 020 | _a9754201277 | ||
| 050 | _aQR 46 .M488/ | ||
| 245 | 0 | _aMedizinische Mikrobiologie | |
| 260 | _aNew York | ||
| 260 | _bThieme | ||
| 260 | _c2002 | ||
| 300 | _a604 p | ||
| 650 | _aMedical microbiology. Microbiology. | ||
| 942 | _cBK | ||
| 999 |
_c32507 _d32507 |
||